Clones of the 104th Battalion [Star Wars] - Statistics

General Stats
  • This quiz has been taken 76 times
  • The average score is 4 of 9
Answer Stats
Hint Answer % Correct
Battalion Commander Wolffe
96%
Trooper Boost
80%
Sergeant Sinker
80%
Corporal Comet
72%
Pilot Warthog
57%
Trooper Wildfire
17%
Pilot Corvis
4%
Trooper Dash-1129
0%
Trooper Four-Four
0%
No matching quizzes found
Score Distribution
Percent of People with Each Score
Percentile by Number Answered
Your Score History
You have not taken this quiz